The Rietveld method / (Record no. 153241)

MARC details
000 -LEADER
fixed length control field 00820nam a2200253 a 4500
008 - FIXED-LENGTH DATA ELEMENTS--GENERAL INFORMATION
fixed length control field
020 ## - INTERNATIONAL STANDARD BOOK NUMBER
International Standard Book Number 0198559127 (pbk.)
049 ## - LOCAL HOLDINGS (OCLC)
Holding library MAIN
090 01 - LOCALLY ASSIGNED LC-TYPE CALL NUMBER (OCLC); LOCAL CALL NUMBER (RLIN)
Classification number (OCLC) (R) ; Classification number, CALL (RLIN) (NR) QD945
Local cutter number (OCLC) ; Book number/undivided call number, CALL (RLIN) RIE
003 - CONTROL NUMBER IDENTIFIER
control field
005 - DATE AND TIME OF LATEST TRANSACTION
control field 20230123133715.0
040 ## - CATALOGING SOURCE
Transcribing agency NUST
245 04 - TITLE STATEMENT
Title The Rietveld method /
Statement of responsibility, etc. edited by R. A. Young.
260 ## - PUBLICATION, DISTRIBUTION, ETC.
Place of publication, distribution, etc. [Chester, England] :
Name of publisher, distributor, etc. International Union of Crystallograhy,
Date of publication, distribution, etc. 1993.
300 ## - PHYSICAL DESCRIPTION
Extent x, 298 p. :
Other physical details ill. ;
Dimensions 24 cm.
440 #0 - SERIES STATEMENT/ADDED ENTRY--TITLE
Title International Union of Crystallography monographs on crystallography ;
Volume/sequential designation 5.
504 ## - BIBLIOGRAPHY, ETC. NOTE
Bibliography, etc. note Includes bibliographical references.
500 ## - GENERAL NOTE
General note Includes index.
650 #0 - SUBJECT ADDED ENTRY--TOPICAL TERM
Topical term or geographic name entry element Rietveld method.
650 #0 - SUBJECT ADDED ENTRY--TOPICAL TERM
Topical term or geographic name entry element X-rays
General subdivision Diffraction
-- Data processing.
700 1# - ADDED ENTRY--PERSONAL NAME
Personal name Young, R.A.
907 ## - LOCAL DATA ELEMENT G, LDG (RLIN)
a .b10121821
b 19-03-13
c 13-05-04
942 ## - ADDED ENTRY ELEMENTS (KOHA)
Koha item type Ordinary Loan Books
Call number prefix QD945
Call number suffix RIE
Holdings
Date last seen Total Checkouts Full call number Barcode Cost, replacement price Price effective from Koha item type Lost status Source of classification or shelving scheme Damaged status Not for loan Collection Withdrawn status Home library Current library Shelving location Date acquired Cost, normal purchase price
01/23/2023   QD945 RIE 92003028502 80.00 01/23/2023 BOOKS   LCC     NFIC   MAIN MAIN GEN 01/23/2023 80.00